01874cam a22004214i 4500003000900000005001700009008004100026035002000067040003300087049000900120082001900129100003000148245006200178264003400240300003900274336002000313337002400333338002200357490002500379500048800404526001000892526001000902526001000912526001000922526000800932526000800940526000800948526000800956526000800964526000800972526000800980630006700988596000601055942001401061999015401075980005501229952016801284PE-LiUPU20250731172927.0 s1966 miu r 000 0 spa d a(Sirsi) a204043 aPE-LiUPUbspacPE-LiUPUerda aPRUA04a226.6bT722201 aTorrance W, John,eautor.14aThe acts of the apostles :b14 - 28 /cDavid W. Torrance. aMichigan :bEedarmans,c1966. a329 páginas ;c19 centímetros. text2rdacontent unmediated2rdamedia volume2rdacarrier0 aCALVIN'S COMENTARIES0 aThe second part of John calvin's Commentary on the acts of the apostles first appeared in 1554, two years after the first part. It was dedicated to frederick, son of the king of denmark, and king-elect. The dedicatory epistle is given at the beginning ofvolume 1 of the present translation, together with the dedicatory epistle to nicolas radzivil in the second edition of both parts, which was published in 1560. detailsof the various edition are given at the beginning of volume I. aSEG42 aSEG41 aSEG40 aSEG39 aP94 aP87 aP86 aP85 aP77 aP76 aP3504aBiblia.pN.T.pHechosvComentariosyPrimeras obras hasta 1800. a1 2ddccBOOK a226.6 T72wLCc20422i76002f2021-11-9g4lCCODEBUL1mBULp30.00r0sYtBOOKu2017-5-23xTEOLOGIAPP850COMPRAo.STAFF. Colección Teologíad20422 81gALBERTO SANCHEZ Responsable de Automatización r2025-12-03 00:00:00i5l0o226.6 T72p76002te1v35.00w2017-05-23xPGyBKzinventario-2023-12-13102ddc50708GENfP85aBULbBULcGENd2017-05-23eCOMPRAg30.00